| 000 | 00850nam a2200253 a 4500 | ||
|---|---|---|---|
| 001 | 000023591 | ||
| 005 | 20200930022331.0 | ||
| 008 | 101215s1994 sp r 000 f spa d | ||
| 020 | _a8420646326 | ||
| 040 |
_aDO-SdBNP _bspa _cBNPHU |
||
| 082 |
_a591 _bD965a |
||
| 100 | 1 |
_aDurrell, Gerald, _d1925-1995. _948624 |
|
| 245 | 1 | 0 |
_aAnimales en general / _cGerald Durrell ; traducción de Fernando Santos Fontenla. |
| 260 |
_aMadrid : _bAlianza, _c1994. |
||
| 300 |
_a61 P. ; _c15 cm. |
||
| 490 | 1 |
_aAlianza cien _v32 |
|
| 500 | _aLibro de bolsillo | ||
| 650 | 4 |
_aAnimales _xLiteratura juvenil _948625 |
|
| 650 | 4 |
_aConducta animal _948626 |
|
| 650 | 4 |
_aAnimales domesticos _xHabitos y conducta _948627 |
|
| 650 | 4 |
_aHabitos alimenticios de los animales _91551 |
|
| 700 | 1 |
_aSantos Fontenla, Fernando, _etr. _948628 |
|
| 830 | 0 |
_aAlianza cien ; _v32 _912832 |
|
| 999 |
_c23087 _d23087 |
||